Descripción de las costas de California / (Record no. 19554)

MARC details
000 -LEADER
campo de control de longitud fija 00785nam a2200217 i 4500
001 - NÚMERO DE CONTROL
campo de control 19554
003 - IDENTIFICADOR DE NÚMERO DE CONTROL
campo de control ES-MaACL
005 - FECHA Y HORA DE LA ÚLTIMA TRANSACCIÓN
campo de control 20250801165814.0
007 - CAMPO FIJO DE DESCRIPCIÓN FÍSICA--INFORMACIÓN GENERAL
campo de control de longitud fija t|
008 - DATOS DE LONGITUD FIJA--INFORMACIÓN GENERAL
campo de control de longitud fija 021003s1981 sp ||||1| spa d
100 0# - ENTRADA PRINCIPAL--NOMBRE DE PERSONA
Nombre de persona Abbad y Lasierra, Iñigo,
9 (RLIN) 17994
245 10 - MENCIÓN DEL TÍTULO
Título Descripción de las costas de California /
Mención de responsabilidad, etc. Iñigo Abbad y Lasierra ; edición y estudio por Sylvia L. Hilton.
260 ## - PUBLICACIÓN, DISTRIBUCIÓN, ETC.
Lugar de publicación, distribución, etc. Madrid :
Nombre del editor, distribuidor, etc. Instituto Gonzalo Fernández de Oviedo,
Fecha de publicación, distribución, etc. 1981.
300 ## - DESCRIPCIÓN FÍSICA
Extensión 230 p. ;
Dimensiones 25 cm.
490 1# - MENCIÓN DE SERIE
Mención de serie Colección Tierra nueva e cielo nuevo ;
Designación de volumen o secuencia 3
700 1# - ENTRADA AGREGADA--NOMBRE PERSONAL
Nombre de persona Hilton, Sylvia-Lyn
9 (RLIN) 63741
710 2# - ENTRADA AGREGADA--NOMBRE DE ENTIDAD CORPORATIVA
Nombre de entidad corporativa o nombre de jurisdicción como elemento de entrada Instituto "Gonzalo Fernández de Oviedo"
9 (RLIN) 5079
830 0# - PUNTO DE ACCESO ADICIONAL DE SERIE-TÍTULO UNIFORME
Título uniforme Colección Tierra nueva e cielo nuevo ;
Designación de volumen o secuencia 3
9 (RLIN) 179366
852 ## - LOCALIZACIÓN
Ubicación ES-MaACL
Número de control de estantería L-1917
Sublocalización o colección R.102645
Holdings
Estatus retirado Estado de pérdida Estado de daño No para préstamo Biblioteca de origen Biblioteca actual Ubicación en estantería Fecha de adquisición Fuente de adquisición Total de préstamos Signatura topográfica completa Código de barras Visto por última vez Precio de reemplazo Tipo de ítem Koha
        Biblioteca del Ateneo de Madrid Biblioteca del Ateneo de Madrid Depósito 2 17/01/2008     L-1917 1020007 23/02/2023 23/02/2023 Libro impreso